<Die> Sowjetgesellschaft Studien zu ihrer Geschichte und Gegenwart

Guardado en:
Detalles Bibliográficos
Formato: Libro
Lenguaje:alemán
Publicado: Berlin Deutscher Verlag der Wissenschaften 1984
Etiquetas: Agregar Etiqueta
Sin Etiquetas, Sea el primero en etiquetar este registro!

MARC

LEADER 00000nam a2200000 4500
001 c106657
005 20041019155138.0
041 0 |a ger 
044 |a DE 
245 1 0 |a <Die> Sowjetgesellschaft  |b Studien zu ihrer Geschichte und Gegenwart 
264 1 |a Berlin  |b Deutscher Verlag der Wissenschaften  |c 1984 
300 |a 375 s.